[Event "V Copa Marcel Duchamp 2022"]
[Site "Montevideo"]
[Date "2022.02.14"]
[Round "4.32"]
[White "Moccero, Eduardo"]
[Black "Amaral, Francisco"]
[Result "1/2-1/2"]
[WhiteElo "1919"]
[BlackElo "1672"]
[Annotator "NA"]
[PlyCount "70"]
[EventDate "2022.02.12"]
[EventCountry "URU"]
[SourceTitle "playchess.com"]
[Source "ChessBase"]
[SourceQuality "1"]
[TimeControl "5400+30"]

1. d4 {[%emt 0:00:04]} Nf6 {[%emt 0:00:32]} 2. Nf3 {[%emt 0:00:08]} d5 {[%emt 0:00:11]} 3. e3 {[%emt 0:00:06]} c5 {[%emt 0:00:30]} 4. c3 {[%emt 0:00:26]} Nbd7 {[%emt 0:00:48]} 5. Bd3 {[%emt 0:00:50]} Qc7 {[%emt 0:00:15]} 6. Nbd2 {[%emt 0:00:36]} e5 {[%emt 0:00:16]} 7. dxe5 {[%emt 0:00:24]} Nxe5 {[%emt 0:00:10]} 8. Nxe5 {[%emt 0:00:19]} Qxe5 {[%emt 0:00:15]} 9. Nf3 {[%emt 0:00:52]} Qc7 {[%emt 0:00:22]} 10. Bb5+ {[%emt 0:00:59]} Bd7 {[%emt 0:00:37]} 11. Bxd7+ {[%emt 0:02:12]} Qxd7 {[%emt 0:00:12]} 12. O-O {[%emt 0:00:07]} Bd6 {[%emt 0:01:37]} 13. b3 {[%emt 0:01:51]} O-O {[%emt 0:02:17]} 14. Bb2 {[%emt 0:00:17]} c4 {[%emt 0:01:02]} 15. Qe2 {[%emt 0:03:28]} Rac8 {[%emt 0:02:34]} 16. Rfd1 {[%emt 0:01:56]} Qc7 {[%emt 0:01:43]} 17. h3 {[%emt 0:01:25]} Rfd8 {[%emt 0:00:34]} 18. Nd4 {[%emt 0:03:24]} a6 {[%emt 0:00:18]} 19. Nf5 {[%emt 0:10:03]} Bf8 {[%emt 0:02:34]} 20. Qf3 {[%emt 0:04:16]} g6 {[%emt 0:04:34]} 21. Ng3 {[%emt 0:03:16]} Bg7 {[%emt 0:00:15]} 22. e4 {[%emt 0:03:42]} Nxe4 {[%emt 0:23:01]} 23. Nxe4 {[%emt 0:00:22]} dxe4 {[%emt 0:00:08]} 24. Qxe4 {[%emt 0:00:58]} Qb6 {[%emt 0:01:00]} 25. Rxd8+ {[%emt 0:02:01]} Rxd8 {[%emt 0:01:48]} 26. Qc2 {[%emt 0:08:19]} cxb3 {[%emt 0:05:15]} 27. axb3 Qd6 {[%emt 0:07:28]} 28. Re1 {[%emt 0:02:46]} h6 {[%emt 0:00:59]} 29. c4 {[%emt 0:05:12]} Bd4 {[%emt 0:09:07]} 30. Bxd4 {[%emt 0:02:52]} Qxd4 {[%emt 0:00:10]} 31. Re7 {[%emt 0:03:32]} Qf4 {[%emt 0:03:50]} 32. Re3 {[%emt 0:05:30]} Qd6 {[%emt 0:01:46]} 33. Qc3 {[%emt 0:03:02]} b6 {[%emt 0:02:59]} 34. h4 {[%emt 0:06:15]} h5 {[%emt 0:02:43]} 35. g3 {[%emt 0:00:17]} Qd4 {[%emt 0:01:38]} 1/2-1/2

[Event "V Copa Marcel Duchamp 2022"]
[Site "Montevideo"]
[Date "2022.02.14"]
[Round "4.33"]
[White "Manteiga, Franco"]
[Black "Martinez Alvarez, Mateo"]
[Result "1-0"]
[WhiteElo "1915"]
[BlackElo "1093"]
[Annotator "NA"]
[PlyCount "85"]
[EventDate "2022.02.12"]
[EventCountry "URU"]
[SourceTitle "playchess.com"]
[Source "ChessBase"]
[SourceQuality "1"]
[TimeControl "5400+30"]

1. d4 c6 2. c4 d5 3. cxd5 cxd5 4. Bf4 Nf6 5. Nc3 e6 6. e3 Bd6 7. Bxd6 Qxd6 8. Bd3 {[%emt 0:03:05]} Nc6 {[%emt 0:10:53]} 9. f4 {[%emt 0:00:06]} a6 {[%emt 0:01:33]} 10. Nf3 {[%emt 0:01:58]} b5 {[%emt 0:01:29]} 11. O-O {[%emt 0:02:41]} O-O {[%emt 0:01:07]} 12. Ne5 {[%emt 0:01:50]} Bb7 {[%emt 0:01:31]} 13. Rf3 {[%emt 0:02:00]} Ne7 {[%emt 0:01:35]} 14. Rh3 {[%emt 0:03:40]} h6 {[%emt 0:18:02]} 15. g4 {[%emt 0:01:05]} Ne4 {[%emt 0:00:10]} 16. g5 {[%emt 0:19:48]} Nf5 {[%emt 0:00:24]} 17. Qg4 {[%emt 0:14:49]} Kh7 {[%emt 0:04:46]} 18. Nxf7 {[%emt 0:07:14]} Rxf7 {[%emt 0:00:09]} 19. g6+ {[%emt 0:00:07]} Kg8 {[%emt 0:00:11]} 20. gxf7+ {[%emt 0:00:04]} Kxf7 {[%emt 0:00:18]} 21. Qe2 {[%emt 0:08:25]} Rg8 {[%emt 0:01:38]} 22. Kh1 {[%emt 0:02:41]} g5 {[%emt 0:00:38]} 23. Qh5+ {[%emt 0:11:04]} Ke7 {[%emt 0:01:33]} 24. Bxe4 {[%emt 0:00:37]} dxe4 {[%emt 0:04:58]} 25. Rg1 {[%emt 0:08:31]} e5 {[%emt 0:14:38]} 26. fxe5 {[%emt 0:03:38]} Qe6 {[%emt 0:14:40]} 27. Ne2 {[%emt 0:01:39]} Rg7 {[%emt 0:04:25]} 28. Rc1 {[%emt 0:03:59]} Kd8 {[%emt 0:01:48]} 29. Ng3 {[%emt 0:01:03]} Nh4 {[%emt 0:11:09]} 30. Rxh4 {[%emt 0:00:36]} gxh4 {[%emt 0:00:08]} 31. Qxh4+ {[%emt 0:00:10]} Kd7 {[%emt 0:00:54]} 32. Qf6 {[%emt 0:00:45]} Rf7 {[%emt 0:01:33]} 33. Qxe6+ {[%emt 0:00:25]} Kxe6 34. Rf1 Rxf1+ 35. Nxf1 b4 {[%emt 0:04:29]} 36. Kg2 {[%emt 0:01:25]} Bd5 {[%emt 0:00:42]} 37. a3 {[%emt 0:01:37]} bxa3 {[%emt 0:01:20]} 38. bxa3 {[%emt 0:00:04]} Kd7 39. Nd2 Kc6 40. Nb1 a5 41. Nc3 Bf7 42. Kg3 Bg6 43. Kf4 1-0

[Event "V Copa Marcel Duchamp 2022"]
[Site "Montevideo"]
[Date "2022.02.14"]
[Round "4.34"]
[White "Balseca Moreno, Diego"]
[Black "Palacio, Enzo"]
[Result "0-1"]
[WhiteElo "2269"]
[BlackElo "1896"]
[Annotator "TA"]
[PlyCount "96"]
[EventDate "2022.02.12"]
[EventCountry "URU"]
[SourceTitle "playchess.com"]
[Source "ChessBase"]
[SourceQuality "1"]

{[%evp 26,96,0,-10,68,29,71,-76,-76,-89,-66,-243,-271,-276,-270,-346,-351,-747,-457,-447,-387,-388,-412,-621,-537,-517,-542,-493,-489,-518,-202,-187,-185,-193,-202,-199,-197,-179,-120,-218,-201,-233,-210,-235,-211,-269,-269,-308,-306,-305,-304,-460,-325,-304,-310,-279,-287,-457,-418,-428,-439,-563,-562,-29982,-29983,-29981,-29977,-29982,-29983,-29983,-29984,-29984,-29984]} 1. e4 c5 2. Nf3 d6 3. d4 cxd4 4. Nxd4 Nf6 5. Nc3 a6 6. Bg5 e6 7. f4 Be7 8. Qf3 Qc7 9. O-O-O Nbd7 10. g4 {[%cal Bg2g4,Bg4g5][%mdl 32]} b5 11. Bxf6 Nxf6 12. g5 Nd7 13. h4 b4 14. Nce2 {[#]} a5 $146 {B99: Sicilian Najdorf: 6 Bg5 e6 7 f4 Be7 8 Qf3 Qc7 9 0-0-0 Nbd7.} ({Better is} 14... Bb7 $11) ({Predecessor:} 14... Bb7 15. Ng3 g6 16. h5 O-O-O 17. Bh3 Kb8 18. Bxe6 fxe6 19. Nxe6 Qc4 20. Nxd8 Rxd8 21. hxg6 hxg6 22. Rh7 Re8 23. Qb3 Qxb3 24. axb3 {½-½ (45) Pruijssers,R (2557)-Van Wely,L (2610) Amstelveen 2019}) 15. Kb1 (15. f5 $5 {[%cal Rf5e6]} e5 16. Nb5 $14) 15... a4 (15... O-O $11 {feels stronger.}) 16. Nc1 (16. f5 $16 Ne5 17. Qg3) 16... a3 {Black is better.} 17. Nb5 Qb6 {And now ...axb2 would win.} 18. Qd3 $2 (18. bxa3 $15 bxa3 19. Rh3) 18... axb2 $19 19. Kxb2 {[%cal Rb5d6]} O-O {Hoping for ...Nc5.} ({And not} 19... Nc5 20. Nxd6+ Kf8 21. Qb5 Na4+ 22. Ka1 Qxb5 23. Bxb5 $11) 20. Nxd6 Nc5 21. Qb5 (21. Qd4 Bb7 22. Nxb7 Qxb7 23. Bc4) 21... Na4+ 22. Ka1 Qe3 {( -> ...Qc3+)} 23. Rh3 Qxf4 {Really sharp!} 24. Qxb4 {[#]} (24. Ne2 $142 Qf2 25. Qd3) 24... Ba6 $1 25. Bxa6 Rxa6 26. Rhd3 Qe5+ 27. c3 Nxc3 28. Qxc3 Bxd6 29. Qxe5 Bxe5+ 30. Kb1 Ra4 31. Re1 Rb8+ ({Black should try} 31... Rfa8 $19 32. Rb3 g6) 32. Nb3 (32. Rb3 $17) 32... Kf8 33. Rf3 Rbb4 34. Ref1 f6 ({Inferior is} 34... Rxe4 35. Rxf7+ Ke8 36. Rf8+ Ke7 37. R8f7+ Kd8 38. Rf8+ Ke7 39. R8f7+ Kd8 40. Rf8+ Ke7 $11) 35. Rd3 Rxe4 36. Rd8+ Ke7 37. Rfd1 {[%csl Gd8][%cal Rd1d7]} Ra7 {Inhibits R1d7+.} 38. R1d3 (38. gxf6+ $142 Bxf6 39. h5) 38... Re1+ 39. Rd1 Rxd1+ 40. Rxd1 {[%mdl 4096] Endgame KRB-KRN} Ra4 41. Nc5 (41. gxf6+ {was worth a try.} gxf6 42. h5) 41... Rb4+ 42. Nb3 Rxh4 43. a4 Rxa4 44. Rd7+ Kxd7 {Black mates.} 45. Nc5+ Ke7 46. gxf6+ gxf6 47. Nxa4 Bd4 48. Kc2 e5 {Weighted Error Value: White=0.92/Black=0.41} 0-1

[Event "V Copa Marcel Duchamp 2022"]
[Site "Montevideo"]
[Date "2022.02.15"]
[Round "5.1"]
[White "Hungaski, Robert"]
[Black "Morovic Fernandez, Ivan"]
[Result "1-0"]
[WhiteElo "2537"]
[BlackElo "2498"]
[Annotator "TA"]
[PlyCount "109"]
[EventDate "2022.02.12"]
[EventCountry "URU"]
[SourceTitle "playchess.com"]
[Source "ChessBase"]
[SourceQuality "1"]

{[%evp 27,109,27,27,34,31,31,50,0,0,0,0,0,0,0,0,0,16,0,46,37,81,79,83,79,88,70,193,182,194,186,285,283,256,262,235,235,443,457,451,451,450,447,459,452,936,950,708,677,1020,1092,1001,890,748,556,516,441,627,631,593,535,1119,1104,1415,1383,1422,1411,1224,1152,1256,633,642,622,845,817,976,1006,1154,1170,1146,1139,1040,974,2040,1574]} 1. e4 e5 2. Nf3 Nc6 3. Bc4 Nf6 4. d4 exd4 5. O-O Nxe4 6. Re1 d5 7. Bxd5 Qxd5 8. Nc3 Qa5 9. Nxe4 Be6 10. Neg5 O-O-O 11. Nxe6 fxe6 12. Rxe6 Bd6 13. Bg5 Rde8 14. Qe2 Kd7 15. Rxe8 {C56: Two Knights: 4 d4 exd4 5 0-0 Nxe4.} Rxe8 16. Qd3 {[%csl LRd4,LRh7]} h6 17. Bh4 (17. Bd2 $14 Qd5 18. Qg6) 17... g5 $11 18. Bg3 g4 19. Nd2 {[%cal Bf3d2,Bd2e4,Be4c3,Bc3e2,Be2f4,Bf4d5][%mdl 32] [#]} h5 $146 ({Predecessor:} 19... Bxg3 20. hxg3 Re6 21. Ne4 Kc8 22. a3 Qd5 23. Nd2 Ne7 24. b4 b6 25. Nb3 Nf5 {0-1 (61) Strand,K (2011)-Gruzmann,B (2222) Bucharest 2019}) 20. Ne4 {Strongly threatening Nf6+.} Qf5 {To avoid Nf6+} 21. Re1 Re6 22. Re2 Bxg3 (22... Be7 $11) 23. hxg3 $14 {[%cal Ob2b4]} Qd5 {[#]} (23... a5 $14) 24. Nc3 $1 $16 Qg5 (24... Qa5 25. Rxe6) 25. Rxe6 Kxe6 26. Ne2 Qf5 {[#] A mistake that costs the game.} (26... Qe5 $1 $14) 27. Qxd4 $3 $18 {[%mdl 512]} Qxc2 (27... Nxd4 28. Nxd4+ Kf6 29. Nxf5 Kxf5 30. Kf1 $16) 28. Nf4+ Ke7 (28... Kf7 $142 29. Qd5+ (29. Qd7+ Ne7 $16) 29... Kf8 30. Qxh5 Qxb2 31. Qh6+ (31. Qxg4 Qb1+ 32. Kh2 Qh7+ 33. Nh5 Ke7 $16) 31... Ke8) 29. Qg7+ Kd6 30. Qh6+ Kc5 31. Qxh5+ Kb6 $2 (31... Kd6 32. Qd5+ Ke7 33. Qe6+ Kd8 34. Qg8+ (34. Qxg4 Qxb2 35. Qg8+ Kd7 $16) 34... Ke7 35. Qxg4 Kd6) 32. Nd5+ {White is clearly winning.} Ka6 33. Nxc7+ Kb6 34. Nd5+ Ka6 35. Qxg4 Qxb2 (35... Ne5 $142 36. Qe6+ Ka5) 36. Qc4+ Ka5 37. g4 Qa1+ 38. Kh2 {White wants to mate with Qc5+.} Qh8+ 39. Kg3 {Hoping for Qc5+.} Qe5+ 40. Nf4 Kb6 41. Qb3+ Ka6 (41... Kc7 $142 42. Qf7+ Kb6) 42. Qe6 {Qxe5 is the strong threat.} Qc5 43. f3 Qc3 44. g5 b6 45. Nd5 Qc1 46. Qe3 Qc4 47. Qa3+ Kb7 48. Nf4 Qb5 49. Kh4 Qf5 50. Qe3 Qh7+ 51. Kg4 Qd7+ 52. Qe6 Qd4 53. Qd5 {Black must now prevent Qxd4.} Qc3 54. g6 {Threatens to win with Qd7+.} Kc8 {Prevents Qd7+.} 55. Kg5 {Weighted Error Value: White=0.18 (very precise) /Black=0.38} 1-0

[Event "V Copa Marcel Duchamp 2022"]
[Site "Montevideo"]
[Date "2022.02.15"]
[Round "5.2"]
[White "Perdomo, Leandro"]
[Black "Lima, Darcy"]
[Result "1/2-1/2"]
[WhiteElo "2447"]
[BlackElo "2507"]
[Annotator "TA"]
[PlyCount "114"]
[EventDate "2022.02.12"]
[EventCountry "URU"]
[SourceTitle "playchess.com"]
[Source "ChessBase"]
[SourceQuality "1"]

{[%evp 17,114,-8,-12,-8,-9,-20,0,-9,-10,-16,-20,-10,15,15,75,75,75,75,75,75,75,78,113,116,111,79,159,159,159,132,132,132,132,132,159,159,192,114,192,192,192,192,192,192,192,192,192,192,192,192,192,192,192,192,192,192,192,192,192,124,124,124,124,124,124,0,0,0,0,0,0,0,0,0,0,0,0,0,0,0,0,0,0,0,0,0,0,0,0,0,0,0,0,0,-28000,-28000,-28000,-28000,-28000]} 1. d4 {Hecht,H} Nf6 2. c4 e6 3. Nc3 Bb4 4. g3 O-O 5. Bg2 d5 6. Nf3 dxc4 7. O-O Nc6 8. Bg5 h6 9. Bxf6 Qxf6 10. Rc1 {E20: Nimzo-Indian: 4 g3 and 4 f3.} Rd8 11. e3 {[#] is the legacy move (11.Ne4).} Bxc3 $146 ({Predecessor:} 11... Qe7 12. Qe2 Na5 13. Ne5 Bd7 14. Nxc4 Bxc3 15. Rxc3 Bb5 16. b3 c5 17. Qh5 Bxc4 18. bxc4 cxd4 19. exd4 {½-½ (75) Moiseenko,A (2575)-Bologan,V (2652) Ekaterinburg 2002 CBM 090 [Hecht,H]}) 12. Rxc3 {The position is equal.} e5 13. Nxe5 Nxe5 14. dxe5 Rxd1 (14... Qe7 $5 {[%cal Rd8d1]} 15. Qe2 Qxe5 $11) 15. exf6 Rxf1+ (15... Rd2 $11) 16. Kxf1 $11 {[%mdl 4096] Endgame KRB-KRB} Be6 17. Bxb7 Rb8 18. Ba6 {White is more active.} Rxb2 19. Bxc4 Bh3+ 20. Ke1 gxf6 21. Bb3 Rb1+ (21... Be6 $142) 22. Ke2 $16 Be6 23. Rxc7 {[#] And now Bxe6 would win.} Bxb3 24. axb3 Rxb3 25. Rxa7 {KR-KR} Rb2+ 26. Kf3 Kg7 {[#]} 27. g4 ({White should play} 27. Ra5 $1 $18) 27... Rc2 (27... Rb5 $16 28. Kf4 Rb2) 28. h4 $18 Rb2 29. Rd7 Ra2 30. Kg3 Re2 31. Rd3 Ra2 32. f3 Ra4 33. e4 Ra5 34. Kf4 Rb5 35. Rd5 Rb3 36. Rf5 Ra3 37. Kg3 Ra2 38. e5 (38. Rd5 $18) 38... fxe5 $16 39. Rxe5 Ra4 40. Rd5 Rb4 41. g5 ({White should try} 41. h5 $16) 41... hxg5 $11 42. Rxg5+ Kh6 43. Rg4 Rb3 44. Rf4 Kg6 45. Kg4 Rb5 46. Ra4 Rc5 47. Ra6+ f6 48. Kg3 Rb5 49. Ra8 Rc5 50. Rg8+ Kf7 51. Rg4 Ra5 52. Rc4 Kg6 53. Rc6 Rb5 54. Kg4 Ra5 55. h5+ $2 {[%mdl 8192]} (55. Rc1 $11) 55... Rxh5 56. Rxf6+ Kxf6 57. Kxh5 Kf5 {[%mdl 32768] Quite a comeback for Black.  Weighted Error Value: White=0.09 (flawless) /Black=0.11 (very precise) . An unexpected result.} 1/2-1/2

[Event "V Copa Marcel Duchamp 2022"]
[Site "Montevideo"]
[Date "2022.02.15"]
[Round "5.3"]
[White "Delgado Ramirez, Neuris"]
[Black "Michailov, Matias"]
[Result "1-0"]
[WhiteElo "2615"]
[BlackElo "2248"]
[Annotator "TA"]
[PlyCount "75"]
[EventDate "2022.02.12"]
[EventCountry "URU"]
[SourceTitle "playchess.com"]
[Source "ChessBase"]
[SourceQuality "1"]

{[%evp 14,75,20,17,37,32,32,32,33,36,64,31,31,26,51,47,56,28,46,33,42,23,32,35,49,9,22,0,22,7,19,0,0,0,0,0,21,7,7,9,8,9,21,20,21,18,27,0,0,0,35,35,104,90,112,64,100,0,107,65,343,380,658,637]} 1. e4 e6 2. d4 d5 3. Nd2 {[%cal Bb1d2,Bd2b3,Bb3d4][%mdl 32]} Nf6 4. e5 Nfd7 {[%cal Bf6d7,Bd7c5,Bc5a4][%mdl 32]} 5. f4 c5 6. Ngf3 Nc6 7. Nb3 cxd4 8. Nbxd4 Nc5 {C05: French Tarrasch: 3...Nf6 4 e5 Nfd7, 5 f4 and 5 Bd3 sidelines.} 9. Be3 Be7 10. Be2 O-O {White is slightly better.} 11. O-O {[#]} a6 $146 ({Predecessor:} 11... Ne4 12. c3 Bd7 13. Bd3 f5 14. exf6 Nxf6 15. Ne5 Bd6 16. Nxd7 Qxd7 17. Qf3 Rae8 {½-½ (58) Jelecevic,I (2127)-Pestek,E (2012) Bosnjaci 2022}) 12. Rc1 Na4 13. Rb1 Na5 14. c3 Bd7 15. Bd3 Nc4 16. Bc1 {Threatens to win with Qc2.} Nc5 17. Bc2 f5 $1 18. exf6 Bxf6 19. Qe1 Nd6 20. Be3 {[%cal Od4c6]} Rc8 21. Rd1 b5 22. Ng5 Bxg5 23. fxg5 Rxf1+ 24. Qxf1 Nce4 25. Qf4 Qe7 {[#] White must now prevent ...e5.} 26. Bxe4 Nxe4 27. Nf3 b4 28. cxb4 Qxb4 29. Bd4 Qd6 30. Ne5 {[#] White threatens Qf7+ and mate.} Rf8 {Inhibits Qf7+.} 31. Qe3 Bb5 32. Rc1 Qe7 (32... Rf5 $14) 33. h4 $16 Qb7 34. Qh3 ({White should try} 34. Ng4 $16) 34... Qe7 35. Qe3 Qb7 $1 36. h5 (36. Ng4 $16) 36... Qe7 $2 {[%mdl 8192]} (36... Rc8 $1 $14) 37. g6 $18 {[%cal Bg5g6,Bg6h7][%mdl 32] Hoping for gxh7+.} Qh4 $2 (37... Qg5 38. Qxg5 Nxg5) 38. gxh7+ {Weighted Error Value: White=0.13 (very precise) /Black=0.31} 1-0

[Event "V Copa Marcel Duchamp 2022"]
[Site "Montevideo"]
[Date "2022.02.15"]
[Round "5.4"]
[White "Coro, Lucas"]
[Black "Roselli Mailhe, Bernardo"]
[Result "1-0"]
[WhiteElo "2355"]
[BlackElo "2426"]
[Annotator "TA"]
[PlyCount "69"]
[EventDate "2022.02.12"]
[EventCountry "URU"]
[SourceTitle "playchess.com"]
[Source "ChessBase"]
[SourceQuality "1"]

{[%evp 17,69,34,39,20,32,41,73,73,78,76,69,62,70,72,69,42,73,71,104,59,68,55,89,90,85,87,90,100,123,99,162,156,170,170,168,155,159,139,240,241,228,242,320,241,330,325,308,326,349,369,348,360,930,770]} 1. e4 e5 2. Nf3 Nc6 3. Bb5 a6 4. Ba4 d6 5. O-O Nge7 6. c3 Ng6 7. d4 Bd7 8. Be3 Be7 9. Nbd2 O-O 10. Rc1 {[#] C75: Ruy Lopez: Deferred Steinitz: 5 c3 Bd7 6 d4 without ...g6.} b5 $146 ({Predecessor:} 10... Re8 11. d5 Nb8 12. c4 c6 13. b4 b5 14. Bc2 cxd5 15. exd5 a5 16. c5 Na6 17. c6 Bc8 {1-0 (34) Paravyan,D (2627)-Afanasiev,N (2508) Moscow 2019}) 11. Bc2 f5 12. exf5 {White is better.} Bxf5 13. d5 {[#] Hoping for Bxf5.} Bxc2 14. Rxc2 Nb8 15. c4 Nd7 16. b3 h6 {[#]} 17. Ne4 $1 Nf4 18. Bxf4 (18. cxb5 $16 axb5 19. g3) 18... Rxf4 $14 19. Nfd2 Qb8 {White now steadily converts the win.} 20. g3 Rf7 21. Qg4 Nb6 22. Qe6 {White is much more active. Black has bad knights.} Qc8 23. cxb5 axb5 (23... Qb7 $16 {was necessary.}) 24. Rfc1 $36 {[%mdl 2048] White has strong initiative.} Qxe6 25. dxe6 Rff8 26. Rxc7 Nd5 27. Rb7 Rxa2 (27... Rfb8 $16 28. Rxb8+ Rxb8) 28. Rxb5 Nf6 29. Rc7 Re8 30. Rbb7 Nd5 31. Rd7 {Strongly threatening Nc4.} Bf8 32. Nc4 Rxe6 33. Rd8 {And now Rbb8 would win.} ({Not} 33. Ncxd6 Re7 34. Nf5 Rxd7 35. Rxd7 Ra5 $18) (33. Nexd6 Kh7 $16) 33... Nf6 34. Nexd6 Ng4 $2 (34... e4 35. b4 Ra1+ 36. Kg2 Ra2) 35. Rf7 {Weighted Error Value: White=0.06 (flawless) /Black=0.26 (precise)} 1-0

[Event "V Copa Marcel Duchamp 2022"]
[Site "Montevideo"]
[Date "2022.02.15"]
[Round "5.5"]
[White "Carbone, Diego"]
[Black "Tristan, Leonardo"]
[Result "1-0"]
[WhiteElo "2272"]
[BlackElo "2561"]
[Annotator "TA"]
[PlyCount "133"]
[EventDate "2022.02.12"]
[EventCountry "URU"]
[SourceTitle "playchess.com"]
[Source "ChessBase"]
[SourceQuality "1"]

{[%evp 9,133,23,35,37,40,26,41,0,-14,-8,-9,-14,22,37,37,41,61,31,78,44,40,21,25,20,21,20,18,16,34,12,24,15,22,22,110,106,107,113,145,141,143,127,122,0,0,0,0,0,0,0,0,0,0,0,0,0,80,101,246,210,191,211,255,218,238,44,37,39,47,57,109,0,0,0,11,0,0,0,0,0,0,0,0,0,8,0,0,0,0,0,0,0,0,0,0,0,0,0,0,0,0,0,0,-29969,-29970,-29969,-29970,-29966,-29968,-29968,-29969,-29968,-29969,-4132,29978,29978,29979,29981,29987,29988,29988,29989,29989,29990,29990,29991]} 1. d4 Nf6 2. c4 e6 3. g3 d5 4. Nf3 {[%cal Bg1f3,Bf3d2,Bd2c4][%mdl 32]} Bd6 5. Nc3 h6 6. Bg2 {E01: Catalan: Early deviations.} O-O 7. O-O Nc6 8. e3 (8. b3 $14) 8... dxc4 $11 9. Nd2 e5 {[#]} 10. Nxc4 $146 ({Predecessor:} 10. d5 Na5 11. Qe2 Bg4 12. f3 Bd7 13. Nxc4 Nxc4 14. Qxc4 c6 15. Rd1 cxd5 16. Nxd5 {0-1 (40) Checa,N (2552)-Nihal,S (2620) Chess.com INT 2021}) 10... Bg4 11. Qb3 Rb8 12. d5 Ne7 {[%cal Ob7b5]} 13. a4 Qd7 (13... c6 $14) 14. Nxd6 cxd6 15. f3 Bh3 {[%cal Oe5e4]} 16. e4 Bxg2 17. Kxg2 Nh7 18. Qb5 Qd8 19. a5 a6 20. Qb4 f5 21. Be3 f4 (21... fxe4 $11 {keeps the balance.} 22. fxe4 Rxf1 23. Rxf1 Qd7) 22. Bb6 $1 $16 Qd7 23. Qa4 Qc8 24. Rac1 Ng5 {Strongly threatening ...fxg3.} 25. g4 {Active counter play!} Ng6 26. Ne2 (26. Nb1 $1 $16 Nh4+ 27. Kf2) 26... Nh4+ $11 {Pair of Knights!} 27. Kh1 Qe8 28. Qxe8 Rbxe8 29. Ng1 Rc8 {aiming for ...Rxc1.} 30. Bc7 $1 $36 {[%mdl 2048] White has some pressure.} Rf6 31. Rc3 Kf7 32. Rfc1 h5 (32... Kg6 $11 {remains equal.}) 33. gxh5 $16 {Bb6 is the strong threat.} Rh8 (33... Rh6 $16) 34. R1c2 Rxh5 35. Bd8 Rg6 36. Rc8 Rgh6 37. R2c7+ $2 (37. R8c7+ $18 Kg8 38. Bxg5 Rxg5 39. Rxb7) 37... Kg6 $14 38. Bxg5 Rxg5 39. Rc2 Kh7 (39... Rxg1+ $1 $14 40. Kxg1 Nxf3+ 41. Kh1 Ng5) 40. Rf2 (40. Rb8 $1 $16) 40... Rhg6 $11 {[%csl Gg6][%cal Rg5g1]} 41. Nh3 Rh5 42. Rc7 Rgh6 43. Ng1 Rg6 44. Nh3 Rgh6 45. Ng1 Rg6 46. Nh3 Rgh6 47. Rxb7 {Hoping for Rb6.} ({But not} 47. Ng1 Rg6 $16) 47... Nxf3 $1 48. Rxf3 Rxh3 49. Rxh3 Rxh3 {[%mdl 4096] Endgame KR-KR} 50. Rb6 Re3 51. Rxa6 ({Don't take} 51. Rxd6 Rxe4 52. Rxa6 Rd4 $14) 51... Rxe4 52. Rxd6 {Threatens to win with a6.} f3 {[%cal Re4e1]} 53. Kg1 Re2 54. a6 e4 55. Re6 (55. a7 e3 56. h3 f2+ 57. Kg2 Re1 58. Kf3 f1=Q+ 59. Ke4 Ra1 60. Re6 e2 61. Kd4 Ra4+ 62. b4 Qf4+ 63. Re4 e1=Q 64. Rxf4 Qxb4+ 65. Ke3 Ra3+ 66. Kf2 Qxf4+ 67. Kg2 Qd2+ 68. Kh1 Ra1#) 55... e3 $1 {( -> ...Re1#)} 56. Rxe3 $2 {[%mdl 8192]} Rxe3 {KR-KP} 57. d6 Re8 $1 58. d7 Rd8 59. a7 Kg6 60. b4 Kf5 $1 61. b5 Kf4 $4 {[%mdl 8192] [#]} (61... Ke6 $2 62. b6 Kxd7 63. b7 $18) (61... Ke4 $19 62. Kf2 Kd5 63. Kxf3 Kd6) 62. Kf2 $1 {White mates.} Rh8 63. h3 g5 64. b6 {[%cal Bb5b6,Bb6b7][%mdl 32]} g4 65. b7 g3+ 66. Kg1 f2+ {[#]} 67. Kg2 $1 {What a fight!  Weighted Error Value: White=0.26 (precise) /Black=0.15 (very precise)} 1-0

[Event "V Copa Marcel Duchamp 2022"]
[Site "Montevideo"]
[Date "2022.02.15"]
[Round "5.7"]
[White "Santiago, Yago De Moura"]
[Black "Fernandez, Maria Florencia"]
[Result "1-0"]
[WhiteElo "2494"]
[BlackElo "2200"]
[Annotator "TA"]
[PlyCount "63"]
[EventDate "2022.02.12"]
[EventCountry "URU"]
[SourceTitle "playchess.com"]
[Source "ChessBase"]
[SourceQuality "1"]

{[%evp 19,63,70,79,60,56,54,68,43,98,56,55,58,71,54,91,83,120,34,52,35,19,42,70,80,114,105,112,107,119,120,123,120,145,147,146,163,389,344,428,429,698,590,986,955,910,643]} 1. e4 d6 2. d4 Nf6 3. Nc3 g6 4. f4 Bg7 5. Nf3 O-O 6. Bd3 c5 7. dxc5 dxc5 8. e5 Nd5 9. Nxd5 Qxd5 10. Qe2 Nc6 {10...Bf5 is vanishing.} 11. c3 {B09: Pirc Defence: Austrian Attack.} (11. Be4 {feels hotter.} Qd7 12. Be3 b6 13. h4 Rd8 14. h5) 11... Bf5 12. Bxf5 gxf5 13. O-O {[#] White is slightly better.} Qe6 $146 ({Better is} 13... Rad8 $14) ({Predecessor:} 13... Rad8 14. Be3 b6 15. Rfd1 Qe6 16. Ng5 Qg6 17. h4 e6 18. h5 Qh6 19. Rd6 Ne7 {0-1 (40) Naroditsky,D (2628)-Dlugy,M (2518) Chess.com INT 2015}) 14. Be3 (14. Ng5 $16 Qg6 15. e6) 14... b6 $14 15. Ng5 Qg6 16. Rad1 h6 17. Nf3 {White is much more active. Black has bad knights.} Qe6 {[#]} 18. b3 (18. Nh4 $1 $16) 18... f6 {[%cal Rf6e5]} 19. Kh1 fxe5 20. fxe5 f4 (20... Nxe5 $2 21. Bf4 $18) 21. Bc1 {[%cal Be3c1,Bc1b2,Bb2c3][%mdl 32]} Rf5 {[%cal Rc6e5]} (21... Bxe5 $2 22. Rfe1 $18) 22. c4 Raf8 {[%cal Oc6d4] [#]} (22... Bxe5 $2 23. Rd5 $18) (22... Nxe5 $2 23. Bb2 $18) 23. Bb2 $1 {Inhibits Nd4.} Kh8 24. Bc3 Kg8 25. Rd5 R5f7 26. Rfd1 Rf5 27. Qe4 Qc8 $2 (27... Rh5 28. Rd7 Rc8) 28. Rd7 $18 {[%cal Bd5d7,Bd7e7,Be7a7][%mdl 32]} Nd4 29. Rxe7 {White is clearly winning.} Qd8 (29... Qa8 $142 30. Qd3 R8f7 31. Rxf7 Rxf7 32. Bxd4 cxd4 33. Qxd4 Kh8) 30. Rxa7 {Black must now prevent e6.} ({Not} 30. Bxd4 Qxe7 31. Bf2 Rxe5 32. Nxe5 Qxe5 33. Qxe5 Bxe5 $11) 30... Qe8 31. Bxd4 cxd4 32. Qxd4 {Weighted Error Value: White=0.21 (precise) /Black=0.47} 1-0